00843nam a22001937a 4500003000400000008004100004020001800045082001800063100002600081245015500107260006300262300001100325650006400336700002300400700002600423942001200449999001700461952017100478OSt260627b |||||||| |||| 00| 0 eng d a9788170196860 a910.285bB57A aBhunia, Gouri Sankar  aAdvances in Geoinformatics Remote Sensing and GIS: Concept, Principle and Applications / by Gouri Sankar Bhunia, Uday Chatterjee, Gopal Krishna Panda aDelhi : bToday & Tomorrow Printers and Publishers,c2021. a359 p. aHistory & Geography | Geography and Travel | Geoinformatics aChatterjee, Uday  aPanda, Gopal Krishna  2ddccBK c52396d52396 00102ddc4070aRAUbRAUcGENd2026-06-27eToday & Tomorrow Printers and Publishers g4595.00l0o910.285 B57Ap87606r2026-06-27w2026-01-29yBKkBill No. IN-00449